000 01248nam a22003857a 4500
001 BR2023001989
003 BR-BrBNA
005 20231031130855.0
008 231031b bl.||||| |||| 00| 0 por d
020 _a978-85-67411-19-3
040 _aBR-BrBNA
_bpor
041 _apor
072 _aD10 ; B50 ; C10
090 _aD10 BR2023001989
100 _aVisintin, José Antônio (org.)
100 _aStopiglia, Ângela João
100 _a Birgel, Eduardo Harby
100 _aAssis, Gláucio Pereira de
100 _aAlbuquerque, Ricardo de
100 _aVisintin, José Antônio
110 1 _910534
_aUniversidade de São Paulo, São Paulo (Brasil). Faculdade de Medicina Veterinária e Zootecnia
245 _aFaculdade de Medicina Veterinária e Zootecnia da Universidade de São Paulo: 100 anos de história (1999-2019)
260 _aSão Paulo, SP (Brasil)
_c2019
300 _a256 p.
500 _aIncludes several bibliographies; 226 illus.; 5 tables
650 _aVETERINÁRIA
650 _aZOOTECNIA
650 _aADMINISTRAÇÃO PÚBLICA
650 _aINSTITUIÇÃO PÚBLICA
650 _aESCOLA
650 _aEDUCAÇÃO VETERINÁRIA
650 _aHISTÓRIA
909 _a202310
_bFernando
942 _cBK
999 _c86609
_d86609